| 000 | 01311cam a2200373 a 4500 | ||
|---|---|---|---|
| 090 | _c0 | ||
| 001 | 14528052 | ||
| 005 | 20060926072747.0 | ||
| 008 | 060830s2006 ne a 001 0 eng | ||
| 010 | _a2006281083 | ||
| 015 |
_aGBA605974 _2bnb |
||
| 016 | 7 |
_a013359902 _2Uk |
|
| 020 | _a0750679220 | ||
| 020 | _a9780750679220 | ||
| 035 | _a(OCoLC)ocm70671114 | ||
| 040 |
_aUKM _cUKM _dDLC |
||
| 042 |
_aukblsr _alccopycat |
||
| 050 | 0 | 0 |
_aHV8290 _b.B664 2006 |
| 082 | 0 | 4 |
_a363.11 _222 _bBRO |
| 100 | 1 | _aBroder, James F. | |
| 245 | 1 | 0 |
_aRisk Analysis and the Security Survey / _cJames F. Broder. |
| 250 | _a3rd ed. | ||
| 260 |
_aAmsterdam ; _aBoston : _bButterworth-Heinemann, _cc2006. |
||
| 300 |
_axviii, 371 p. : _bill. ; _c27 cm. |
||
| 500 | _aIncludes index. | ||
| 650 | 0 |
_aIndustries _xSecurity measures. |
|
| 650 | 0 | _aRisk management. | |
| 650 | 0 | _aCrime prevention surveys. | |
| 650 | 0 |
_aAssistance in emergencies _xPlanning. |
|
| 856 | 4 | 2 |
_3Publisher description _uhttp://www.loc.gov/catdir/enhancements/fy0668/2006281083-d.html |
| 942 |
_2ddc _cBB |
||
| 999 |
_c10653 _d10653 |
||